Rethinking nationalism and ethnicity (Record no. 129110)

MARC details
000 -LEADER
fixed length control field 00760nam a2200253Ia 4500
003 - CONTROL NUMBER IDENTIFIER
control field OSt
005 - DATE AND TIME OF LATEST TRANSACTION
control field 20220918165305.0
008 - FIXED-LENGTH DATA ELEMENTS--GENERAL INFORMATION
fixed length control field 220917b |||||||| |||| 00| 0 eng d
020 ## - INTERNATIONAL STANDARD BOOK NUMBER
International Standard Book Number 1859739318 (pbk)
037 ## - SOURCE OF ACQUISITION
Terms of availability Textual
040 ## - CATALOGING SOURCE
Original cataloging agency ARTS
Transcribing agency ARTS
Language of cataloging eng
041 ## - LANGUAGE CODE
Source of code eng
Language code of text/sound track or separate title eng
100 ## - MAIN ENTRY--PERSONAL NAME
Personal name Wicker Hans-Rudolf Ed.
9 (RLIN) 23587
245 #0 - TITLE STATEMENT
Title Rethinking nationalism and ethnicity
Remainder of title the struggle for meaning and order in Europe edited by Hans-Rudolf Wicker
260 ## - PUBLICATION, DISTRIBUTION, ETC.
Place of publication, distribution, etc. Oxford
Name of publisher, distributor, etc. Berg
Date of publication, distribution, etc. 1997
300 ## - PHYSICAL DESCRIPTION
Extent vii,332p.
Dimensions cm.
650 ## - SUBJECT ADDED ENTRY--TOPICAL TERM
Topical term or geographic name entry element POLITICAL SCIENCE
942 ## - ADDED ENTRY ELEMENTS (KOHA)
Classification part W940aY75, N7
Koha item type Textual
Source of classification or shelving scheme Colon Classification (CC)
Holdings
Withdrawn status Lost status Damaged status Not for loan Home library Current library Date acquired Total Checkouts Full call number Barcode Date last seen Price effective from Koha item type
        Arts Library Arts Library 2022-09-18   W940aY75 N7 AL1205210 2022-09-18 2022-09-18 Textual
Copyright @ Delhi University Library System